Score 0/24 Timer 08:00
4 Plays Today
Column % Correct
Corn on the cob
99.4%
Ice cream cone
98.6%
Pizza
96.4%
Coconuts
95.7%
Waffles
92.7%
Corn dogs
90.3%
Tacos
89.1%
Baked potato
88.4%
Fish and chips
84.9%
Jerk chicken
82.9%
Shish kebabs
81.9%
Churros
70.2%
Column % Correct
Crêpes
68.5%
Gyros
64%
Currywurst
59%
Roasted chestnuts
57.5%
Falafel
55.4%
Tamales
51.2%
Pad Thai
47.5%
Empanadas
45.4%
Pho
42.3%
Samosas
39.3%
Poutine
32.4%
Blinis
20.1%
Remove Ads.
Support Sporcle.
Get the best of Sporcle when you Go Orange. This ad-free experience offers more features, more stats, and more fun while also helping to support Sporcle. Thank you for becoming a member.

You're not logged in!

Compare scores with friends on all Sporcle quizzes.
OR
Log In

Show Comments

Extras

Top Quizzes Today


Score Distribution

Your Account Isn't Verified!

In order to create a playlist on Sporcle, you need to verify the email address you used during registration. Go to your Sporcle Settings to finish the process.

Report this User

Report this user for behavior that violates our Community Guidelines.

Details: